000 00650nam a2200193Ii 4500
003 JO-AjNU
008 230605s9999||||xx |||||||||||||| ||und||
040 _aJO-AjNU
_bara
_erda
_cJO-AjNU
041 _aara
050 1 4 _aPJ7808 1963
100 3 _aتأليف غراب،أمين يوسف,
_eauthor
_919624
245 0 0 _aالأبواب المغلقة
264 3 1 _aالقاهرة:دار المعارف،1963
300 _a275ص
336 _atext
_btxt
_2rdacontent
337 _aunmediated
_bn
_2rdamedia
338 _avolume
_bnc
_2rdacarrier
650 4 _a القصص العربية القصيرة - الأردن - القرن العشرين
_919625
999 _aA6508
_c10076
_d10076